My granny went to market : (Record no. 343005)
[ view plain ]
| 000 -LEADER | |
|---|---|
| fixed length control field | 00541nam a2200205Ia 4500 |
| 008 - FIXED-LENGTH DATA ELEMENTS--GENERAL INFORMATION | |
| fixed length control field | 170918s9999 xx 000 0 und d |
| 020 ## - INTERNATIONAL STANDARD BOOK NUMBER | |
| International Standard Book Number | 9781905236626 |
| 050 ## - LIBRARY OF CONGRESS CALL NUMBER | |
| Item number | B631 2005 |
| 100 ## - MAIN ENTRY--PERSONAL NAME | |
| Personal name | Blackstone, Stella |
| 245 ## - TITLE STATEMENT | |
| Title | My granny went to market : |
| 245 ## - TITLE STATEMENT | |
| Remainder of title | a round-the-world counting rhyme / |
| 245 ## - TITLE STATEMENT | |
| Statement of responsibility, etc | by Stella Blackstone and Christopher Corr. |
| 260 ## - PUBLICATION, DISTRIBUTION, ETC. (IMPRINT) | |
| Place of publication, distribution, etc | Cambridge, MA : |
| 260 ## - PUBLICATION, DISTRIBUTION, ETC. (IMPRINT) | |
| Name of publisher, distributor, etc | Barefoot Books, |
| 260 ## - PUBLICATION, DISTRIBUTION, ETC. (IMPRINT) | |
| Date of publication, distribution, etc | 2005 |
| 300 ## - PHYSICAL DESCRIPTION | |
| Extent | unpaged : |
| 300 ## - PHYSICAL DESCRIPTION | |
| Other physical details | chiefly colored ; |
| 300 ## - PHYSICAL DESCRIPTION | |
| Dimensions | 24cm. |
| 500 ## - GENERAL NOTE | |
| General note | 500 |
| Withdrawn status | Lost status | Damaged status | Home library | Current library | Date acquired | Total Checkouts | Full call number | Barcode | Date last seen | Price effective from | Koha item type |
|---|---|---|---|---|---|---|---|---|---|---|---|
| Stonyhurst Southville International School (Malarayat) | Stonyhurst Southville International School (Malarayat) | 09/18/2017 | LEX B631 2005 | SSISM2077 | 09/18/2017 | 09/18/2017 | Lexile |